Box office 2004 par images restreintes - Statistiques

Statistiques générales
  • Ce quiz a été pris 409 fois
  • Le résultat moyen est 7 sur 12
Statistiques - réponses
Par images Réponse % Correct
Harry Potter et le Prisonnier d'Azkaban
99%
Shrek 2
99%
Spider-Man 2
99%
Les Indestructibles
95%
Les Choristes
83%
Frère des ours
65%
Gang de requins
47%
Ocean's Twelve
31%
Deux frères
30%
Les 11 Commandements
28%
Podium
26%
Un long dimanche de fiançailles
13%
Aucun quiz correspondant
Distribution des résultats
% des personnes avec chaque résultat
Percentile par nombre de réponses
Votre historique - résultats
Vous n’avez pas pris ce quiz